| 000 | 02181nam0a2200325 4500 | ||
|---|---|---|---|
| 001 | RU\NLR\bibl\27281 | ||
| 005 | 20250615021231.0 | ||
| 010 |
_a5-89630-034-4 _96000 |
||
| 021 |
_aRU _b99-13271 _9639 |
||
| 035 | _a(NLR Aleph) 000026588 | ||
| 090 |
_a129172 _c129172 |
||
| 100 | _a19990514d1999 |||y0rusy50 ca | ||
| 101 | 0 | _arus | |
| 102 | _aRU | ||
| 105 | _a||||||||||||| | ||
| 200 | 1 |
_aОрганизация работы комиссии по чрезвычайным ситуациям объекта, района (города) _eУчеб. пособие для подготовки руководителей и членов комис. по чрезвычайным ситуациям (КЧС), руководящего и командно-начальствующего состава районов (городов), объектов промышленности, организаций, учреждений, учеб. заведений, преподавателей БЖ, учеб.-метод. центров и курсов ГО, работников органов упр. по делам ГО и ЧС всех уровней _f[П.В. Алаторцев, В.М. Нагорный, Г.М.Федоров и др.] |
|
| 210 |
_aМ. _cТОО "Ред. журн."Военные знания" _d1999 |
||
| 215 |
_a77 с. _d20 |
||
| 225 | 1 | _aБиблиотечка журнала"Военные знания" | |
| 606 | 0 |
_aКомиссии по чрезвычайным ситуациям _jРуководства, пособия и т.п. _xОрганизация работы _yРоссийская Федерация _92083666 _3RU\NLR\auth\661259732 |
|
| 606 | 0 |
_aКомиссии по чрезвычайным ситуациям _jУчебные издания _xОрганизация работы _yРоссийская Федерация _92083666 _3RU\NLR\auth\661259732 |
|
| 686 | _aЦ69,6(2Р)0-2я7-1 | ||
| 701 | 1 |
_aАлаторцев _bП. В. _4070 |
|
| 701 | 1 |
_aНагорный _bВ. М. _4070 |
|
| 701 | 1 |
_aФедоров _bГ. М. _4070 |
|
| 801 | 0 |
_aRU _bNLR _c19990514 _gPSBO |
|
| 801 | 1 |
_aRU _bNLR _c19990514 |
|
| 852 |
_aNLR _j99-4/1812 |
||
| 942 | _cBOOK | ||
| 980 | _aNB | ||